000
00198nam a2200097Ia 4500
008
190216s9999||||xx |||||||||||||| ||und||
100
_a
Wellmier
245
0
_a
Accounting
260
_b
Null
942
_c
BK
999
_c
3920
_d
3920